[Event "ICS rated blitz match"]
[Site "204.178.125.65"]
[Date "2001.09.12"]
[Round "?"]
[White "Hossa"]
[Black "Tinker"]
[Result "1-0"]
[WhiteElo "2661"]
[BlackElo "2491"]
[PlyCount "103"]
[EventDate "2001.??.??"]

1. e4 c5 2. Nf3 d6 3. d4 cxd4 4. Nxd4 Nf6 5. Nc3 a6 6. Be2 e5 7. Nb3 Be7 8. g4
h6 9. f4 Nh7 10. O-O Nc6 11. Nd5 Nf6 12. Be3 O-O 13. Nd2 Nxd5 14. exd5 exf4 15.
Rxf4 Ne5 16. Rd4 Bf6 17. Rb4 Qa5 18. c3 Qxd5 19. Ne4 Qe6 20. Qxd6 Qxd6 21. Nxd6
b5 22. Re4 Be6 23. Bd4 Nd7 24. a4 Bd5 25. Rf4 bxa4 26. Rxa4 Rfb8 27. b4 Bg5 28.
Rf5 Be6 29. Rfa5 Bf6 30. Bxf6 Nxf6 31. b5 Bd7 32. c4 Ra7 33. Rxa6 Rxa6 34. Rxa6
Ne8 35. Nxe8 Rxe8 36. Kf2 Rb8 37. Ra7 Be8 38. Bf3 Kf8 39. Ra8 Rxa8 40. Bxa8 Ke7
41. b6 Kd8 42. c5 Kc8 43. Bd5 g6 44. c6 Kb8 45. c7+ Kc8 46. Bc4 Bc6 47. Bxf7
Bd7 48. Bxg6 Bxg4 49. Be4 h5 50. Kg3 Bd7 51. Bg2 Bf5 52. Bh3 {Tinker resigns}
1-0

[Event "ICS rated blitz match"]
[Site "204.178.125.65"]
[Date "2001.09.12"]
[Round "?"]
[White "ChesterX"]
[Black "Hossa"]
[Result "1/2-1/2"]
[WhiteElo "2720"]
[BlackElo "2670"]
[PlyCount "252"]
[EventDate "2001.??.??"]

1. e4 c5 2. Nf3 d6 3. d4 cxd4 4. Nxd4 e5 5. Nf3 Nf6 6. Nc3 Be7 7. Bd3 Nc6 8.
O-O O-O 9. Be3 Bd7 10. Bc4 Be6 11. Bd5 Qd7 12. Ng5 Nb4 13. Nxe6 fxe6 14. Bb3
Nc6 15. Qf3 Na5 16. Qh3 Nxb3 17. axb3 a5 18. f4 exf4 19. Rxf4 d5 20. e5 Ne4 21.
Rxf8+ Rxf8 22. Rxa5 Bb4 23. Ra4 Bxc3 24. bxc3 Nxc3 25. Ra1 d4 26. Bd2 Qf7 27.
Qd3 Qf2+ 28. Kh1 Ne2 29. g4 Rc8 30. Bb4 Nf4 31. Qe4 Nd5 32. Bd6 b5 33. Rc1 Qd2
34. Rf1 Qc3 35. Qd3 Ne3 36. Qxc3 dxc3 37. Rf2 Nxg4 38. Rf3 g6 39. Kg1 Nh6 40.
Bb4 Nf5 41. Rd3 Ra8 42. Bxc3 h5 43. Kf2 Rc8 44. h3 Kf7 45. Rd7+ Ke8 46. Rd3 Rc7
47. Ke2 Kf7 48. Kf3 Ne7 49. Ke2 g5 50. Kd2 Nf5 51. Ba5 Rc5 52. Bd8 Kg6 53. Bf6
b4 54. Rd8 Rc3 55. Rg8+ Kf7 56. Rxg5 Rxh3 57. Rg1 Rc3 58. Rh1 Kg6 59. Rg1+ Rg3
60. Rxg3+ Nxg3 61. Be7 Kf5 62. Kd3 Kxe5 63. Bxb4 h4 64. Ke3 h3 65. Be1 Ne4 66.
Kf3 Kf5 67. Bh4 e5 68. b4 Nc3 69. Kg3 e4 70. Kxh3 Ke5 71. Be1 Kd4 72. Bxc3+
Kxc3 73. b5 Kxc2 74. b6 e3 75. b7 e2 76. b8=Q e1=Q 77. Kg4 Kd2 78. Kf5 Ke2 79.
Qe5+ Kf2 80. Qd5 Kg1 81. Kf4 Kh2 82. Qd4 Kh3 83. Kf5 Kg3 84. Qd5 Kh3 85. Kf4
Kh4 86. Kf5 Kh5 87. Qd4 Qf1+ 88. Ke4 Kh6 89. Kd5 Kh7 90. Ke5 Kh8 91. Qd5 Kg7
92. Kd4 Kh7 93. Ke4 Kh8 94. Kd4 Kg7 95. Ke5 Kh7 96. Kd4 Kh8 97. Ke4 Kg7 98. Qd6
Kh7 99. Qd4 Kg8 100. Ke5 Kh8 101. Qe4 Kg8 102. Kd5 Kh8 103. Kd4 Kg8 104. Ke5
Kh8 105. Kd5 Kg8 106. Kd4 Kh8 107. Qe6 Kg7 108. Qe4 Kh6 109. Qe5 Kh7 110. Kd5
Kg6 111. Kd4 Kf7 112. Ke4 Kg6 113. Kd5 Kh6 114. Ke4 Kh7 115. Kd4 Kg6 116. Ke4
Kh6 117. Kd5 Kh7 118. Qd4 Kg8 119. Ke4 Kf8 120. Kd5 Kg8 121. Qe5 Kh7 122. Ke4
Kg8 123. Kd4 Kh7 124. Qd6 Kh8 125. Kd5 Kg8 126. Ke5 Kh7 {
Game drawn by the 50 move rule} 1/2-1/2

[Event "ICS rated blitz match"]
[Site "204.178.125.65"]
[Date "2001.09.12"]
[Round "?"]
[White "Hossa"]
[Black "ChesterX"]
[Result "0-1"]
[WhiteElo "2672"]
[BlackElo "2718"]
[PlyCount "156"]
[EventDate "2001.??.??"]

1. d4 Nc6 2. Nf3 d6 3. d5 Ne5 4. Nxe5 dxe5 5. e4 e6 6. Bb5+ Bd7 7. dxe6 Bxb5 8.
Qh5 Bb4+ 9. Nd2 Qf6 10. exf7+ Kf8 11. fxg8=Q+ Kxg8 12. c3 Ba5 13. Qd1 Qf7 14.
a4 Bb6 15. Qf3 Ba6 16. a5 Bc5 17. Qxf7+ Kxf7 18. Nf3 Rhe8 19. b4 Bd6 20. Be3 b6
21. O-O-O bxa5 22. bxa5 Kg8 23. Kc2 Bb5 24. Rb1 a6 25. h4 Ba4+ 26. Kd3 Rad8 27.
Ra1 Bf8+ 28. Ke2 Bb5+ 29. Ke1 Rd3 30. Rc1 Ba3 31. Rc2 Ba4 32. Rd2 Rxc3 33. Rd5
Bd6 34. Kd2 Rc2+ 35. Kd3 Ra2 36. Rc1 Bb5+ 37. Kc3 Rxa5 38. Bc5 Be2 39. Bxd6
Rxd5 40. exd5 cxd6 41. Kd2 Bxf3 42. gxf3 a5 43. Rc6 Ra8 44. Rxd6 a4 45. Kc2 a3
46. Kb1 a2+ 47. Ka1 Ra5 48. Rd7 g6 49. d6 Ra6 50. Re7 Rxd6 51. Kxa2 Rd3 52.
Rxe5 Rxf3 53. Kb2 Rxf2+ 54. Kc3 Kg7 55. h5 Rf5 56. Re7+ Rf7 57. h6+ Kf6 58. Re2
g5 59. Rh2 g4 60. Rh5 Rd7 61. Kc4 g3 62. Rh3 g2 63. Rg3 Rd2 64. Kc3 Ra2 65. Kb3
Rf2 66. Kc3 Kf5 67. Kd3 Kf4 68. Rg7 Rf3+ 69. Kd2 Rg3 70. Rf7+ Kg4 71. Rxh7 g1=Q
72. Rg7+ Kf5 73. Rf7+ Kg5 74. h7 Qe3+ 75. Kd1 Rg1+ 76. Rf1 Rxf1+ 77. Kc2 Rf2+
78. Kd1 Qd2# {Hossa checkmated} 0-1

[Event "ICS rated blitz match"]
[Site "204.178.125.65"]
[Date "2001.09.12"]
[Round "?"]
[White "Tinker"]
[Black "Hossa"]
[Result "1-0"]
[WhiteElo "2532"]
[BlackElo "2658"]
[PlyCount "58"]
[EventDate "2001.??.??"]

1. e4 e5 2. Nf3 Nc6 3. Bb5 a6 4. Ba4 Nf6 5. d4 exd4 6. O-O Nxe4 7. Re1 f5 8.
Nbd2 Bb4 9. c3 dxc3 10. Nxe4 fxe4 11. Bxc6 cxb2 12. Rxe4+ Be7 13. Bg5 O-O 14.
Rxe7 dxc6 15. Qb3+ Qd5 16. Qxb2 Rf7 17. Rae1 h6 18. Re8+ Kh7 19. Bxh6 c5 20.
R8e5 Qd7 21. Qc2+ g6 22. Bc1 Kg7 23. Qc3 Kg8 24. Re8+ Qxe8 25. Rxe8+ Rf8 26.
Qc4+ Be6 27. Qxe6+ Kh8 28. Bb2+ Kh7 29. Qd7+ Kh6 {Hossa resigns} 1-0

[Event "ICS rated blitz match"]
[Site "204.178.125.65"]
[Date "2001.09.12"]
[Round "?"]
[White "Hossa"]
[Black "Tinker"]
[Result "1-0"]
[WhiteElo "2636"]
[BlackElo "2554"]
[PlyCount "87"]
[EventDate "2001.??.??"]

1. e4 c5 2. Nf3 d6 3. d4 cxd4 4. Nxd4 Nf6 5. Nc3 Nc6 6. Bc4 Bd7 7. O-O e5 8.
Ndb5 Bg4 9. f3 Be6 10. Nd5 Bxd5 11. exd5 Na5 12. Be2 a6 13. Nc3 Be7 14. Be3 O-O
15. f4 b5 16. fxe5 dxe5 17. a3 Qd6 18. Bd3 Nc4 19. Bxc4 bxc4 20. Qf3 Rfe8 21.
Rad1 Rab8 22. Rb1 Qd7 23. Ne4 Nxe4 24. Qxe4 c3 25. bxc3 Rxb1 26. Rxb1 Bxa3 27.
c4 f5 28. Qd3 Bf8 29. c5 f4 30. c6 Qf7 31. Bb6 Bd6 32. Re1 Rb8 33. Bf2 Kh8 34.
c4 Qf8 35. Qc2 Bc5 36. Rxe5 Qd6 37. Re6 Qf8 38. Bxc5 Qxc5+ 39. Kf1 f3 40. gxf3
Rc8 41. Qe4 Rg8 42. Re8 h6 43. Rxg8+ Kxg8 44. d6 {Tinker resigns} 1-0

[Event "ICS Rated blitz match"]
[Site "204.178.125.65"]
[Date "2001.09.12"]
[Round "?"]
[White "Tinker"]
[Black "Hossa"]
[Result "1/2-1/2"]
[WhiteElo "2542"]
[BlackElo "2648"]
[PlyCount "254"]
[EventDate "2001.??.??"]

1. e4 e6 2. d4 d5 3. Nc3 Nf6 4. Bg5 dxe4 5. Nxe4 Be7 6. Bxf6 Bxf6 7. Nf3 O-O 8.
Qd2 Be7 9. O-O-O Nc6 10. Bc4 Rb8 11. a3 b5 12. Ba2 a5 13. Qe3 Bd7 14. Kb1 Qc8
15. d5 exd5 16. Bxd5 Rb6 17. Neg5 Bf6 18. Qb3 Nd8 19. Ne4 Bf5 20. Rhe1 Be7 21.
Nd4 Bd7 22. Ng3 Bf6 23. Nh5 Bh4 24. g3 Bg4 25. gxh4 Bxh5 26. Nf3 Ne6 27. Re5
Nf4 28. Be4 Qb8 29. Rd4 c5 30. Rxc5 Bxf3 31. Qxf3 Ne6 32. Rh5 g6 33. Rd7 Qxh2
34. Qe3 gxh5 35. Qxb6 Qxh4 36. Bf3 Rd8 37. Rxd8+ Qxd8 38. Qxb5 h4 39. Qf1 Qd2
40. Qg2+ Kf8 41. Bg4 Nd4 42. c3 Nb3 43. Qa8+ Kg7 44. Qg2 Qd3+ 45. Ka2 Nc1+ 46.
Ka1 Qg6 47. b4 axb4 48. cxb4 Nd3 49. f3 h5 50. Bh3 Qxg2 51. Bxg2 Nf2 52. b5 Nd3
53. a4 Nc5 54. b6 Kf6 55. f4 Kf5 56. b7 Na6 57. a5 Nb8 58. Bf1 h3 59. Bxh3+ Ke4
60. Bg2+ Kd4 61. Ka2 Kc5 62. f5 Kb4 63. f6 Kc5 64. Bf1 h4 65. a6 Kb6 66. Bc4
Ka7 67. Bxf7 Nd7 68. Ka1 h3 69. Bd5 Nxf6 70. Bc6 h2 71. Kb2 Nd7 72. Kc3 Kxa6
73. Kd4 Ka7 74. Ke3 Ne5 75. Kf2 Nf7 76. Kg3 Nd6 77. b8=Q+ Kxb8 78. Kf2 Kc7 79.
Ba8 Nf5 80. Ke1 Kb8 81. Bc6 Nd4 82. Bd5 Ka7 83. Kd1 Nf5 84. Kc1 Ng3 85. Kb1 Nh5
86. Bc6 Nf4 87. Be4 Kb6 88. Bf3 Nh3 89. Bg2 Kc5 90. Kc2 Nf4 91. Bf3 Ng6 92. Bb7
Ne5 93. Bg2 Kd6 94. Kb1 Ng4 95. Bh1 Ke6 96. Kc2 Nh6 97. Kb1 Nf5 98. Kc2 Ng3 99.
Bb7 Nh5 100. Ba8 Nf4 101. Be4 Nh3 102. Bb7 Ke7 103. Kb1 Ng1 104. Ba8 Ne2 105.
Bg2 Ng3 106. Ka1 Nh5 107. Kb1 Kf6 108. Kc2 Kg5 109. Bb7 Ng3 110. Ba8 Ne2 111.
Bd5 Ng1 112. Bh1 Kf4 113. Kd3 Nh3 114. Bb7 Nf2+ 115. Kd4 Kg3 116. Ke3 Ng4+ 117.
Ke2 Nh6 118. Ba8 Nf5 119. Bd5 Nd4+ 120. Ke3 Nb5 121. Ba8 Nc3 122. Kd2 Na4 123.
Ke3 Nc5 124. Bc6 Ne6 125. Ba8 Nf4 126. Bh1 Nh3 127. Ba8 Ng1 {
Game drawn by the 50 move rule} 1/2-1/2

[Event "ICS rated blitz match"]
[Site "204.178.125.65"]
[Date "2001.09.12"]
[Round "?"]
[White "libertad"]
[Black "Hossa"]
[Result "0-1"]
[WhiteElo "2102"]
[BlackElo "2643"]
[PlyCount "82"]
[EventDate "2001.??.??"]

1. e4 c5 2. Nf3 d6 3. d4 cxd4 4. Nxd4 Nf6 5. Nc3 a6 6. Bc4 e6 7. Be3 Be7 8. f3
Bd7 9. O-O O-O 10. Kh1 Kh8 11. a4 Qc7 12. Bd3 Nc6 13. f4 Nb4 14. Qf3 Rfc8 15.
f5 e5 16. Nde2 Nxd3 17. cxd3 Bc6 18. Ng3 b6 19. Rac1 Qd8 20. Bg5 Qd7 21. Bxf6
Bxf6 22. Nh5 Bg5 23. Rcd1 f6 24. Qg4 Be3 25. Rf3 Bd4 26. Rg3 Ra7 27. Rh3 Qe8
28. Rf1 Bxc3 29. bxc3 Bxa4 30. c4 b5 31. Rh4 bxc4 32. d4 exd4 33. Rf3 Bd1 34.
Nf4 Bxf3 35. Qxf3 Rb7 36. h3 Rb1+ 37. Kh2 c3 38. Ng6+ Kg8 39. Qh5 hxg6 40. fxg6
Qe5+ 41. Qxe5 dxe5 {libertad resigns} 0-1

[Event "ICS rated blitz match"]
[Site "204.178.125.65"]
[Date "2001.09.12"]
[Round "?"]
[White "Hossa"]
[Black "libertad"]
[Result "0-1"]
[WhiteElo "2644"]
[BlackElo "2101"]
[PlyCount "150"]
[EventDate "2001.??.??"]

1. e4 e5 2. Nf3 Nc6 3. Nc3 Nf6 4. Bb5 Bb4 5. O-O d6 6. Nd5 Nxd5 7. exd5 a6 8.
Bxc6+ bxc6 9. c3 Ba5 10. dxc6 Bg4 11. d4 Qf6 12. dxe5 dxe5 13. Qd5 Bxf3 14.
Qxa5 Bxc6 15. Qxc7 O-O 16. Re1 Rfe8 17. Qb6 Qg6 18. f3 e4 19. fxe4 Rxe4 20.
Rxe4 Qxe4 21. Qf2 Re8 22. Bf4 Qe2 23. Rc1 h6 24. a3 Bb5 25. b3 Qxf2+ 26. Kxf2
Re2+ 27. Kf3 Ra2 28. Bd6 Bc6+ 29. Ke3 Rxg2 30. c4 f5 31. Rf1 Bd7 32. Kd3 g5 33.
Kc3 f4 34. Rd1 Rxh2 35. Bxf4 Rh3+ 36. Kb4 gxf4 37. Rxd7 a5+ 38. Ka4 f3 39. Rd5
Kg7 40. Rxa5 Kg6 41. Ra8 Rh5 42. Rf8 Rf5 43. Rg8+ Kf6 44. Rg1 h5 45. Kb4 h4 46.
Rf1 h3 47. c5 h2 48. c6 Ke6 49. c7 Kd7 50. Rc1 Kc8 51. Rh1 f2 52. Rxh2 f1=Q 53.
Rh8+ Kxc7 54. Rh7+ Rf7 55. Rxf7+ Qxf7 56. a4 Kb7 57. Kc3 Qf3+ 58. Kc4 Kc6 59.
b4 Qf4+ 60. Kb3 Kb6 61. Kc3 Qe3+ 62. Kb2 Qd4+ 63. Kb3 Qd3+ 64. Kb2 Qc4 65. Kb1
Qxb4+ 66. Kc2 Qxa4+ 67. Kd2 Kc5 68. Ke2 Kd4 69. Kf2 Qb3 70. Kg2 Ke4 71. Kf2
Qe3+ 72. Kg2 Qf3+ 73. Kh2 Qg4 74. Kh1 Kf3 75. Kh2 Qg2# {Hossa checkmated} 0-1

[Event "ICS rated blitz match"]
[Site "204.178.125.65"]
[Date "2001.09.12"]
[Round "?"]
[White "libertad"]
[Black "Hossa"]
[Result "0-1"]
[WhiteElo "2132"]
[BlackElo "2613"]
[PlyCount "20"]
[EventDate "2001.??.??"]

1. e4 c5 2. Nf3 d6 3. d4 cxd4 4. Nxd4 Nf6 5. Nc3 a6 6. Bc4 e6 7. Be3 Be7 8. f3
Bd7 9. Qd2 Qc7 10. O-O Qxc4 {libertad resigns} 0-1

[Event "ICS rated blitz match"]
[Site "204.178.125.65"]
[Date "2001.09.12"]
[Round "?"]
[White "Hossa"]
[Black "libertad"]
[Result "1-0"]
[WhiteElo "2615"]
[BlackElo "2130"]
[PlyCount "83"]
[EventDate "2001.??.??"]

1. e4 e5 2. Nf3 Nc6 3. Nc3 Nf6 4. g3 Bb4 5. Bg2 d6 6. d3 Bg4 7. a3 Bxc3+ 8.
bxc3 O-O 9. Rb1 b6 10. O-O h6 11. Be3 Qd7 12. Qd2 Bh3 13. Bxh6 Bxg2 14. Kxg2
gxh6 15. Qxh6 Nh7 16. Ng5 f6 17. Nf3 Qg7 18. Qh3 Kf7 19. Qd7+ Ne7 20. Qxc7 Rfd8
21. Nh4 Kg8 22. f4 Ng6 23. Qxg7+ Kxg7 24. Nf5+ Kf7 25. fxe5 dxe5 26. h4 Ne7 27.
Ne3 Ke6 28. g4 Rac8 29. c4 Rg8 30. Kf3 Ng6 31. Rh1 Nf4 32. Nf5 Nf8 33. a4 N8g6
34. a5 Ne7 35. axb6 axb6 36. Rxb6+ Kd7 37. Rb7+ Rc7 38. Rxc7+ Kxc7 39. Nxe7 Ra8
40. Nd5+ Kd6 41. Nxf4 Ra2 42. Nd5 {libertad resigns} 1-0

[Event "ICS rated blitz match"]
[Site "204.178.125.65"]
[Date "2001.09.12"]
[Round "?"]
[White "libertad"]
[Black "Hossa"]
[Result "0-1"]
[WhiteElo "2128"]
[BlackElo "2617"]
[PlyCount "80"]
[EventDate "2001.??.??"]

1. e4 c5 2. Nf3 d6 3. d4 cxd4 4. Nxd4 Nf6 5. Nc3 a6 6. Be2 e5 7. Nb3 Be7 8. O-O
O-O 9. Be3 b6 10. f4 Nbd7 11. f5 Bb7 12. Bf3 Qc7 13. g4 Nc5 14. Nd2 Qd8 15. g5
Ne8 16. h4 Bc6 17. Qe2 Nc7 18. Kh2 Nb5 19. Nxb5 Bxb5 20. c4 Ba4 21. b3 Bc6 22.
Rg1 Qc7 23. Raf1 Rfe8 24. f6 Bf8 25. fxg7 Bxg7 26. Bh5 Rf8 27. Qf3 Ne6 28. Bg4
Nd4 29. Bxd4 exd4 30. Bf5 Be5+ 31. Kh3 Bd7 32. Qg4 Rad8 33. Nf3 b5 34. cxb5
axb5 35. Rd1 Bxf5 36. exf5 Qc3 37. f6 Ra8 38. Rdf1 Rxa2 39. Qh5 Rh2+ 40. Kg4
Qc8# {libertad checkmated} 0-1

[Event "ICS rated blitz match"]
[Site "204.178.125.65"]
[Date "2001.09.12"]
[Round "?"]
[White "Hossa"]
[Black "libertad"]
[Result "1-0"]
[WhiteElo "2619"]
[BlackElo "2126"]
[PlyCount "47"]
[EventDate "2001.??.??"]

1. e4 e5 2. Nf3 Nc6 3. Bb5 Nf6 4. Qe2 Be7 5. c3 d6 6. d4 exd4 7. cxd4 O-O 8.
O-O Bg4 9. Bxc6 bxc6 10. h3 Bh5 11. Nc3 Re8 12. Bf4 Bf8 13. Qd3 Rb8 14. Rab1
Qe7 15. Rfe1 Bg6 16. Bg5 h6 17. Bh4 Qe6 18. Bxf6 Qxf6 19. Qa6 Bh5 20. Re3 Qf4
21. Qxc6 Re6 22. Nd5 Qxe3 23. fxe3 Rg6 24. g4 {libertad resigns} 1-0

[Event "ICS rated blitz match"]
[Site "204.178.125.65"]
[Date "2001.09.12"]
[Round "?"]
[White "libertad"]
[Black "Hossa"]
[Result "0-1"]
[WhiteElo "2124"]
[BlackElo "2621"]
[PlyCount "68"]
[EventDate "2001.??.??"]

1. e4 c5 2. Nf3 d6 3. d4 cxd4 4. Nxd4 Nf6 5. Nc3 a6 6. Be2 e5 7. Nb3 Be7 8. O-O
O-O 9. f4 Nc6 10. f5 a5 11. a4 Nb4 12. g4 d5 13. exd5 Nfxd5 14. Nxd5 Nxd5 15.
Bf3 Nb4 16. c3 Nd3 17. Be4 Qb6+ 18. Kh1 Nf2+ 19. Rxf2 Qxf2 20. Qf3 Qe1+ 21. Kg2
Qh4 22. Be3 Bd6 23. c4 Re8 24. c5 Bc7 25. Rd1 Ra6 26. Rd2 Ra7 27. c6 b6 28. Bf2
Qe7 29. Qc3 Ra8 30. Be3 Qh4 31. Bf3 e4 32. Be2 Qxh2+ 33. Kf1 Qh1+ 34. Bg1 e3 {
libertad resigns} 0-1

[Event "ICS rated blitz match"]
[Site "204.178.125.65"]
[Date "2001.09.12"]
[Round "?"]
[White "Hossa"]
[Black "libertad"]
[Result "1-0"]
[WhiteElo "2623"]
[BlackElo "2122"]
[PlyCount "79"]
[EventDate "2001.??.??"]

1. e4 e5 2. Nf3 Nc6 3. Nc3 Nf6 4. g3 Bb4 5. Bg2 d6 6. d3 Bg4 7. a3 Bxc3+ 8.
bxc3 O-O 9. Rb1 Rb8 10. O-O Qd7 11. Qe2 h6 12. Re1 b6 13. Qf1 Nh7 14. Be3 Rbe8
15. Nd2 f5 16. h3 Bh5 17. exf5 d5 18. g4 Bf7 19. f4 d4 20. cxd4 exd4 21. Bf2
Bd5 22. Ne4 Nf6 23. Qe2 Nxe4 24. dxe4 Ba2 25. Ra1 Bf7 26. Qb5 Re7 27. e5 Be8
28. Qd5+ Qxd5 29. Bxd5+ Kh7 30. Bh4 Rff7 31. Rad1 g5 32. fxg6+ Kxg6 33. f5+ Kh7
34. e6 Rg7 35. f6 Rg6 36. f7 Bxf7 37. exf7 Rxe1+ 38. Rxe1 Kg7 39. Re8 d3 40.
Rg8+ {libertad resigns} 1-0

[Event "ICS rated blitz match"]
[Site "204.178.125.65"]
[Date "2001.09.12"]
[Round "?"]
[White "libertad"]
[Black "Hossa"]
[Result "0-1"]
[WhiteElo "2120"]
[BlackElo "2625"]
[PlyCount "94"]
[EventDate "2001.??.??"]

1. e4 c5 2. Nf3 d6 3. d4 cxd4 4. Nxd4 Nf6 5. Nc3 a6 6. Bc4 e6 7. O-O Be7 8. Be3
O-O 9. f4 Nxe4 10. Nxe4 d5 11. Bd3 dxe4 12. Bxe4 Nd7 13. Nf3 Nf6 14. Qxd8 Rxd8
15. Bd3 Nd5 16. Bd2 Bc5+ 17. Kh1 Ne3 18. Bxe3 Bxe3 19. Ne5 f6 20. Nc4 Bc5 21.
Rad1 Rd7 22. a3 Rb8 23. b4 Bd4 24. Be4 b5 25. Na5 Bb6 26. Nc6 Rbb7 27. Rxd7
Rxd7 28. h3 Kf7 29. Bf3 Rd2 30. Rd1 Rxc2 31. Kh2 Rc3 32. Be4 Rc4 33. Bf3 Rxf4
34. Kg3 g5 35. Kh2 e5 36. Nd8+ Kg7 37. Nc6 e4 38. Bg4 Bxg4 39. hxg4 e3 40. Rd7+
Kh6 41. Re7 Rc4 42. Nb8 Bc7+ 43. Rxc7 Rxc7 44. Kg3 Re7 45. Nc6 e2 46. Nxe7
e1=Q+ 47. Kh3 Qh4# {libertad checkmated} 0-1

[Event "ICS rated blitz match"]
[Site "204.178.125.65"]
[Date "2001.09.12"]
[Round "?"]
[White "Hossa"]
[Black "libertad"]
[Result "1-0"]
[WhiteElo "2627"]
[BlackElo "2118"]
[PlyCount "34"]
[EventDate "2001.??.??"]

1. e4 e5 2. Nf3 Nc6 3. Nc3 Nf6 4. g3 Bb4 5. Bg2 O-O 6. O-O Bxc3 7. bxc3 Nxe4 8.
Nxe5 Nxe5 9. Bxe4 f5 10. Bg2 f4 11. Bd5+ Kh8 12. d4 Ng6 13. Qh5 Qf6 14. Be4 f3
15. Re1 c6 16. Ba3 d5 17. Bxg6 h6 {libertad resigns} 1-0

[Event "ICS rated blitz match"]
[Site "204.178.125.65"]
[Date "2001.09.12"]
[Round "?"]
[White "libertad"]
[Black "Hossa"]
[Result "0-1"]
[WhiteElo "2116"]
[BlackElo "2629"]
[PlyCount "33"]
[EventDate "2001.??.??"]

1. e4 c5 2. Nf3 d6 3. c3 Nf6 4. Bc4 Nxe4 5. Qa4+ Nc6 6. Bxf7+ Kxf7 7. Qxe4 e6
8. d4 d5 9. Qf4+ Ke8 10. O-O Bd6 11. Qg5 Qxg5 12. Bxg5 cxd4 13. cxd4 Rf8 14.
Nc3 Rxf3 15. gxf3 Nxd4 16. Bh4 Nxf3+ 17. Kh1 {libertad resigns} 0-1

[Event "ICS rated blitz match"]
[Site "204.178.125.65"]
[Date "2001.09.12"]
[Round "?"]
[White "Hossa"]
[Black "libertad"]
[Result "1-0"]
[WhiteElo "2631"]
[BlackElo "2114"]
[PlyCount "121"]
[EventDate "2001.??.??"]

1. e4 e5 2. Nf3 Nc6 3. Nc3 Nf6 4. g3 Bb4 5. Bg2 d6 6. d3 h6 7. a3 Ba5 8. O-O
Bg4 9. Na4 Qd7 10. c3 O-O 11. b4 Bb6 12. Nxb6 axb6 13. a4 Bh3 14. Be3 Bxg2 15.
Kxg2 Ng4 16. h3 Nxe3+ 17. fxe3 f5 18. exf5 Rxf5 19. Qb3+ Kh7 20. e4 Rf6 21. Ra2
Raf8 22. Raf2 Kh8 23. Ng1 Rxf2+ 24. Rxf2 Rxf2+ 25. Kxf2 Qe7 26. Nf3 Kh7 27. Ke3
g6 28. Qc4 Kg7 29. d4 exd4+ 30. cxd4 Qf7 31. Qc3 Qe7 32. d5+ Ne5 33. Nxe5 dxe5
34. Kd3 Qd6 35. Kc4 h5 36. g4 hxg4 37. hxg4 c6 38. Qf3 cxd5+ 39. exd5 Qc7+ 40.
Kb3 Qd6 41. g5 Qe7 42. Qe3 e4 43. Qxb6 e3 44. d6 Qe6+ 45. Ka3 e2 46. Qxb7+ Kg8
47. Qb8+ Kg7 48. Qa7+ Kg8 49. d7 Qxd7 50. Qxd7 e1=Q 51. Qd5+ Kg7 52. Qb7+ Kg8
53. Qb8+ Kf7 54. Qf4+ Kg8 55. a5 Qc3+ 56. Ka4 Qc6+ 57. b5 Qc2+ 58. Kb4 Qd2+ 59.
Qxd2 Kf7 60. Qd7+ Kf8 61. a6 {libertad resigns} 1-0

[Event "ICS rated blitz match"]
[Site "204.178.125.65"]
[Date "2001.09.12"]
[Round "?"]
[White "libertad"]
[Black "Hossa"]
[Result "0-1"]
[WhiteElo "2112"]
[BlackElo "2633"]
[PlyCount "66"]
[EventDate "2001.??.??"]

1. e4 c5 2. Nf3 d6 3. d4 cxd4 4. Nxd4 Nf6 5. Nc3 a6 6. Bc4 e6 7. O-O Be7 8. Be3
O-O 9. Qd2 Ng4 10. Bf4 e5 11. Nf5 Bxf5 12. exf5 exf4 13. Qxf4 Ne5 14. Bb3 Bg5
15. Qg3 Re8 16. f4 Bh4 17. Qh3 Nec6 18. g4 Bf6 19. g5 Bxc3 20. bxc3 Qc8 21.
Bxf7+ Kxf7 22. Qxh7 Ne7 23. f6 Qg4+ 24. Kh1 Nf5 25. Rg1 Qf3+ 26. Rg2 Re2 27.
Rag1 Rxg2 28. Rxg2 Qd1+ 29. Rg1 Qd5+ 30. Rg2 Nc6 31. fxg7 Rg8 32. g6+ Kf6 33.
h4 Ne3 {libertad resigns} 0-1

[Event "ICS rated blitz match"]
[Site "204.178.125.65"]
[Date "2001.09.12"]
[Round "?"]
[White "Hossa"]
[Black "libertad"]
[Result "1-0"]
[WhiteElo "2635"]
[BlackElo "2110"]
[PlyCount "75"]
[EventDate "2001.??.??"]

1. e4 e5 2. Nf3 Nc6 3. Nc3 Nf6 4. g3 Bc5 5. Bg2 O-O 6. d3 d5 7. Bg5 dxe4 8.
Nxe4 Be7 9. Bxf6 Bxf6 10. Nxf6+ Qxf6 11. O-O Bg4 12. h3 Bh5 13. Re1 Nd4 14. g4
Nxf3+ 15. Qxf3 Qxf3 16. Bxf3 Bg6 17. Rxe5 c6 18. Re7 Rab8 19. Rae1 f6 20. Kg2
Rfe8 21. Kg3 Kf8 22. R7e3 Rxe3 23. Rxe3 Re8 24. Kf4 Rxe3 25. fxe3 Ke7 26. g5
fxg5+ 27. Kxg5 Bf7 28. b3 h6+ 29. Kf4 Kd6 30. h4 Kc5 31. c3 a5 32. e4 b5 33.
Kf5 b4 34. d4+ Kd6 35. e5+ Ke7 36. cxb4 Be6+ 37. Kg6 axb4 38. Kxg7 {
libertad resigns} 1-0

[Event "ICS rated blitz match"]
[Site "204.178.125.65"]
[Date "2001.09.12"]
[Round "?"]
[White "libertad"]
[Black "Hossa"]
[Result "0-1"]
[WhiteElo "2109"]
[BlackElo "2636"]
[PlyCount "62"]
[EventDate "2001.??.??"]

1. e4 c5 2. Nf3 d6 3. d4 cxd4 4. Nxd4 Nf6 5. Nc3 a6 6. Be2 e5 7. Nb3 Be7 8. O-O
O-O 9. Be3 b6 10. f4 Nbd7 11. f5 Bb7 12. Bf3 Qc7 13. Kh1 Bc6 14. g4 Nc5 15. Nd2
Qb7 16. Bxc5 bxc5 17. b3 Qb4 18. Ndb1 Nxe4 19. a3 Qb7 20. Nxe4 Bxe4 21. Nc3 Bc6
22. Qe2 Rfe8 23. Ne4 d5 24. Ng3 e4 25. Bg2 Bf6 26. Nh5 Bxa1 27. Rxa1 f6 28. g5
fxg5 29. f6 g6 30. Rf1 Qf7 31. Ng3 Re6 {libertad resigns} 0-1

[Event "ICS rated blitz match"]
[Site "204.178.125.65"]
[Date "2001.09.12"]
[Round "?"]
[White "Hossa"]
[Black "libertad"]
[Result "1-0"]
[WhiteElo "2637"]
[BlackElo "2108"]
[PlyCount "42"]
[EventDate "2001.??.??"]

1. e4 e5 2. Nf3 Nc6 3. Bb5 Nf6 4. Qe2 Bc5 5. d3 O-O 6. Bxc6 dxc6 7. Nxe5 Re8 8.
Nf3 Bg4 9. Be3 Bb6 10. O-O Qd6 11. Nbd2 Nh5 12. Bxb6 axb6 13. Qe3 Qf6 14. Qd4
Qg6 15. e5 Rad8 16. Qc4 Qf5 17. Nh4 Qg5 18. Ndf3 Bxf3 19. Nxf3 Qg6 20. Rfe1 Re6
21. Qh4 h6 {libertad resigns} 1-0

[Event "ICS rated blitz match"]
[Site "204.178.125.65"]
[Date "2001.09.12"]
[Round "?"]
[White "Hossa"]
[Black "libertad"]
[Result "1-0"]
[WhiteElo "2639"]
[BlackElo "2106"]
[PlyCount "25"]
[EventDate "2001.??.??"]

1. e4 e5 2. Nf3 Nf6 3. Nxe5 d6 4. Nf3 Nxe4 5. Bd3 d5 6. Qe2 Qe7 7. O-O c6 8.
Re1 f5 9. c4 Be6 10. cxd5 cxd5 11. Bb5+ Nc6 12. d3 Nc5 13. Bg5 {
libertad resigns} 1-0

[Event "ICS rated blitz match"]
[Site "204.178.125.65"]
[Date "2001.09.12"]
[Round "?"]
[White "Tinker"]
[Black "Hossa"]
[Result "1-0"]
[WhiteElo "2556"]
[BlackElo "2640"]
[PlyCount "112"]
[EventDate "2001.??.??"]

1. e4 c6 2. d4 d5 3. Nc3 dxe4 4. Nxe4 g6 5. h3 Bg7 6. Nf3 b6 7. Bc4 b5 8. Bb3
a5 9. c3 a4 10. Bc2 Nf6 11. O-O Nd5 12. Neg5 a3 13. Ne5 O-O 14. Qd2 axb2 15.
Bxb2 Qc7 16. Be4 Bxe5 17. dxe5 Nb6 18. Nf3 Nc4 19. Qh6 e6 20. Rfb1 f6 21. exf6
Rxf6 22. Bc1 Rf8 23. Qh4 Rf7 24. Bh6 Ra3 25. Rd1 Bd7 26. Ng5 Qd8 27. Qg3 Rf6
28. Nxh7 Kxh7 29. Bg5 Nb2 30. Rdb1 Na4 31. Bxg6+ Kg7 32. Bxf6+ Qxf6 33. Bc2+
Kf7 34. Bxa4 Rxa4 35. Qxb8 Qxc3 36. Rd1 Rd4 37. h4 Rd5 38. Re1 Qd4 39. Qg3 Kf8
40. Qh3 Rf5 41. Rf1 Be8 42. Rae1 Qd5 43. Qh2 e5 44. Qg3 c5 45. Re3 Qxa2 46.
Rxe5 Rxe5 47. Qxe5 Qc4 48. Re1 Bg6 49. Qf6+ Qf7 50. Qd8+ Kg7 51. Re7 c4 52.
Rxf7+ Bxf7 53. Qg5+ Kf8 54. h5 Bxh5 55. Qxh5 c3 56. Qc5+ Kf7 {Hossa resigns}
1-0